000 02164nam0a2200529 4500
001 RU\NLR\BIBL_A\011574536
005 20260406081902.0
010 _a9785950070556
_91000
035 _a(RuMoRGB)009477327
035 _a(NLR Aleph) 011574536
090 _a10815353
_c10815353
100 _a20171226d2017 u y0rusy50 ca
101 1 _arus
_afin
102 _aRU
105 _aac z 000gy
200 1 _aО Суоми - с любовью
_dSuomesta rakkaudella
_eлитературно-художественный альбом
_f[составитель: Е. В. Лукин
_gперевод с финского языка О. В. Миловидова, М. Сойни]
_zfin
210 _aСанкт-Петербург
_cСтрата
_d2017
215 _a79 с.
_cцв. ил., портр.
_d29
300 _aТекст частично парал. рус., фин.
300 _aНа 4-й с.: К 100-летию независимости Финляндии
510 1 _aSuomesta rakkaudella
_zfin
606 1 _aЖивопись финская
_z19 - 20 вв.
_91083625
_3RU\NLR\AUTH\66423923
607 _aФинляндия
_xв художественной литературе
_91564853
_3RU\NLR\AUTH\66984950
686 _aШ5(2=Р)64-65я43
_2rubbk
686 _aШ5(2=Р)64-694искусство
_2rubbk
686 _aШ5(2=Р)64-699.9Санкт-Петербург, город
_2rubbk
686 _aЩ143(4Фн)5я61
_2rubbk
686 2 _aШ6(2=Р)8-5
686 2 _aШ6(2=Р)8-999
686 2 _aШ6(2=Р)6-5
686 2 _aШ6(2=Р)8-94
686 2 _aШ6(2=Р)6-94
686 2 _aШ6(2=Р)67фин.
686 2 _aШ6(2=Р)87фин.
686 1 _aЩ143(4Фн)5
702 1 _4220
_7ca
_8rus
_aЛукин
_bЕ. В.
_f1956-
_gЕвгений Валентинович
_929640
_3RU\NLR\AUTH\7746705
702 1 _aМиловидова
_bО. В.
_gОльга Витальевна
_4730
942 _cBOOK
980 _aNBR